000 00770nam a2200205Ii 4500
003 JO-AjNU
008 230605s9999||||xx |||||||||||||| ||und||
040 _aJO-AjNU
_bara
_erda
_cJO-AjNU
041 _aara
050 1 4 _aPJ6696.S244478 1980
100 3 _aتأليف قمحاوي، محمد الصادق,
_eauthor
_98213
245 0 0 _aالبرهان في تجويد القرآن ويليه رسالة في فضائل القرآن
250 _aط1
264 3 1 _aبيروت: دار إبن زيدون، 1980 ؛ القاهرة: مكتبة الكليات الأزهرية، 1980
300 _a118ص
336 _atext
_btxt
_2rdacontent
337 _aunmediated
_bn
_2rdamedia
338 _avolume
_bnc
_2rdacarrier
650 4 _aالقرآن الكريم - تجويد
_98214
999 _aA674
_c4242
_d4242